01679nam a2200445 i 450000100060000000300090000600500170001500800390003201500170007102000150008804000280010304100130013104600090014408000170015308000110017008000100018110000340019124500910022526000510031630000360036733600270040333700540043033800280048438000160051238000230052838800140055138800140056549001020057950000790068150400270076054600190078765000120080665000240081865000150084265800310085771000710088883000650095985600980102485601110112230695KOSZ 00520191030144624.0980713s1995 pl a f |000 0 pol aPB 1997/3556 a8386123508 aWA NcWA NdKOSZ 005/HR0 apolbeng k1995 a624.131.2/.6 a624.15 a534.81 aSienkiewicz, Zbigniew.eAutor10aDrgania sztywnej bryły na liniowo-odkształcalnym podłożu /cZbigniew Sienkiewicz. aKoszalin :bWydawnictwo Uczelniane WSI,c1995. a221 s. :brys., wykr. ;c25 cm. 2rdacontentaTekstbtxt 2rdamediaaBez urządzenia pośredniczącegobn 2rdacarrieraWoluminbnc aKsiążki aPublikacje naukowe a1901-2000 a1989-20001 aMonografia [i. e. Monografie] / Wyższa Szkoła Inżynierska w Koszalinie,x0239-7129 ;vnr 55. aNa s. red. : Monografia Wydziału Budownictwa i Inżynierii Środowiska. aBibliogr. s. 202-215.  aStreszcz. ang. 4aDrgania 4aMechanika gruntów 4aFundamenty aArchitektura i budownictwo aWydawnictwo Uczelniane (Wyższa Szkoła Inżynierska ; Koszalin) 0aMonografie - Wyższa Szkoła Inżynierska, Koszalin ;v55. uhttp://koha.tu.koszalin.pl/cgi-bin/koha/opac-detail.pl?biblionumber=30695yKatalog online BPK uhttp://dlibra.tu.koszalin.pl/dlibra/docmetadata?id=617&from=&dirids=1&ver_id=&lp=1&QI=yBiblioteka Cyfrowa